Statistiques concernant Quiz sur le Belize

Cliquez ici pour prendre le quiz!

Statistiques générales

  • Ce quiz a été pris 3 644 fois
  • Le résultat moyen est 12 sur 16

Statistiques - réponses

QuestionRéponse% Correct
Deuxième langue la plus parléeEspagnol
95%
Pays frontaliersMexique
94%
On peut trouver le long des côtes
du Belize la deuxième plus grande
barrière de ____ du monde
Corail
92%
Pays frontaliersGuatemala
92%
Mer qui borde le BelizeCaraïbes
88%
Langue officielleAnglais
87%
Ancienne civilisation connue pour
ses pyramides et son calendrier
Maya
87%
Pays auquel le Belize
appartenait jusqu'en 1981
Royaume-Uni
79%
Type de catastrophe naturelle qui
a dévasté celle-ci en 1961, causant
un changement de capitale
Ouragan
77%
Fruit qui représente 15%
des exportations du pays
Banane
76%
Devise monétaireDollar
76%
Capitale actuelleBelmopan
73%
Le Belize a le sixième taux
d'____ le plus élévé au monde,
le Salvador étant le #1
Homicide
57%
Plus grande villeBelize City
51%
Spot de plongée rendu célèbre
par le Commandant Cousteau
Le Grand
Trou {Bleu}
48%
Péninsule sur laquelle
le Belize se situe
Yucatan
47%

Distribution des résultats

Percentile par nombre de réponses

% des personnes avec chaque résultat

Votre développement - résultats

Vous n’avez pas pris ce quiz